Proměny marketingové komunikace

Rola marketingovej komunikácie s využitím AI (umelej inteligencie). Pozicioning značky a propagáciainovatívnych produktov a služieb. Budovanie strategických partnerstiev. Prieskum trhu a pochopenie jemných indícií chovania zákazníkov. AI ako nástroj pre etickú komunikáciu.

Gespeichert in:
Bibliographische Detailangaben
1. Verfasser: Knihová, Ladislava
Format: Buchkapitel
Sprache:Tschechisch
Schlagworte:
Tags: Tag hinzufügen
Keine Tags, Fügen Sie das erste Tag hinzu!

MARC

LEADER 00000naa a2200000 4500
001 0300135
005 20240424123623.5
041 0 |a cze 
044 |a CZ 
245 1 0 |a Proměny marketingové komunikace  |c Ladislava Knihová 
520 |a Rola marketingovej komunikácie s využitím AI (umelej inteligencie). Pozicioning značky a propagáciainovatívnych produktov a služieb. Budovanie strategických partnerstiev. Prieskum trhu a pochopenie jemných indícií chovania zákazníkov. AI ako nástroj pre etickú komunikáciu. 
610 2 0 |a komunikácia marketingová 
610 2 0 |a inteligencia umelá 
610 2 0 |a propagácia 
610 2 0 |a služby 
610 2 0 |a etika 
100 1 |a Knihová, Ladislava